|
|
|
|
| LEADER |
00868nam a22002291 4500 |
| 001 |
c000204944 |
| 003 |
CARM |
| 005 |
20021125002000.0 |
| 008 |
851113s1945 enk 0 eng d |
| 019 |
1 |
|
|a 4150732
|5 LACONCORD2021
|
| 035 |
|
|
|a (OCoLC)219552867
|5 LACONCORD2021
|
| 110 |
1 |
0 |
|a Great Britain.
|b Ministry of Fuel and Power.
|
| 245 |
1 |
0 |
|a NorthWestern coalfields /
|c regional survey report. Issued by Ministry of Fuel and Power, Great Britain.
|
| 260 |
|
|
|a Lond. :
|b H.M.S.O.,
|c 1945.
|
| 300 |
|
|
|a 80p.
|
| 500 |
|
|
|a Maps in pocket.
|
| 650 |
|
0 |
|a Coal mines and mining
|z England.
|
| 650 |
|
0 |
|a Coal
|z England.
|
| 852 |
8 |
|
|b CARM
|h A2:AK07A0
|i B06060
|p 0286031
|f BK
|
| 082 |
0 |
4 |
|a 333.8
|
| 999 |
f |
f |
|i 35fbaffd-641f-535d-bf31-959d6e22bf70
|s d208d4a1-7b17-554c-93cc-20f6d1f0f0de
|
| 952 |
f |
f |
|p Can circulate
|a CAVAL
|b CAVAL
|c CAVAL
|d CARM 1 Store
|e B06060
|f A2:AK07A0
|h Other scheme
|i book
|m 0286031
|